Treibjagd in Runxendorf; (Record no. 6283)

MARC details
000 -LEADER
fixed length control field 00702cam a22002291 4500
001 - CONTROL NUMBER
control field af 48004948
003 - CONTROL NUMBER IDENTIFIER
control field DLC
005 - DATE AND TIME OF LATEST TRANSACTION
control field 20260227110911.0
008 - FIXED-LENGTH DATA ELEMENTS--GENERAL INFORMATION
fixed length control field 890505s1943 gw 000 0 ger c
010 ## - LIBRARY OF CONGRESS CONTROL NUMBER
LC control number af 48004948
035 ## - SYSTEM CONTROL NUMBER
System control number (OCoLC)19660462
040 ## - CATALOGING SOURCE
Original cataloging agency Yale Univ. Library
Transcribing agency CU
Modifying agency DLC
042 ## - AUTHENTICATION CODE
Authentication code premarc
050 00 - LIBRARY OF CONGRESS CALL NUMBER
Classification number PT2623.O5
Item number T7 1943
100 1# - MAIN ENTRY--PERSONAL NAME
Personal name Lommel, Ludwig Manfred.
245 10 - TITLE STATEMENT
Title Treibjagd in Runxendorf;
Remainder of title eine lustige Geschichte um Paul Neugebauer,
Statement of responsibility, etc. von Ludwig Manfred Lommel und Fritz Mardicke.
250 ## - EDITION STATEMENT
Edition statement [5. Aufl.]
260 ## - PUBLICATION, DISTRIBUTION, ETC.
Place of publication, distribution, etc. Hamburg,
Name of publisher, distributor, etc. H. Müller
Date of publication, distribution, etc. [c1943]
300 ## - PHYSICAL DESCRIPTION
Extent 288 p.
Dimensions 20 cm.
440 #0 - SERIES STATEMENT/ADDED ENTRY--TITLE
Title Lustige Reihe
700 1# - ADDED ENTRY--PERSONAL NAME
Personal name Mardicke, Fritz,
Dates associated with a name 1895-
Relator term joint author.

No items available.

Powered by Koha